000 00684nam a2200229Ia 4500
003 OSt
005 20220918202504.0
006 a|||||r|||| 00| 0
007 ta
008 220917b |||||||| |||| 00| 0 eng d
024 _a101,613
037 _cTextual
040 _aARTS
_cARTS
_beng
041 _2eng
_aeng
082 _aV216.G10<-D610, L3
100 _aRao Bhavaraju Venkatakrishna
_9104016
245 0 _aHistory of the Eastern Chalukyas of Vengi 610-1210 A D
260 _aHyderabad
_bAhndra pradesh Sahityya Akademi
_c1973
650 _aHISTORY
942 _hV216.G10<-D610, L3
_cTEXL
_2CC
999 _c225093
_d225093